000 00472nam a2200169 a 4500
001 6985
005 20180713190851.0
008 140415s1991 mx 000 0 spa d
041 _aspa
082 _a003
_bHER
100 1 _aHERNANDEZ JIMENEZ, RICARDO
245 1 0 _aADMINISTRACION DE CENTROS DE COMPUTO
250 _a3a ed.
260 _aMEXICO :
_bTRILLAS,
_c1991
300 _a267
650 1 4 _aSISTEMAS DE ALMACENAMIENTO Y RECUPERACION DE INFORMACION
999 _c6985
_d6985